| 000 | 01189nam a22003497a 4500 | ||
|---|---|---|---|
| 003 | CHAP | ||
| 005 | 20220329140407.0 | ||
| 008 | 971013s1983 r 00010 d | ||
| 010 | _a51370 | ||
| 011 | _a52342 | ||
| 035 | _a56492 | ||
| 040 | _cCHAP | ||
| 082 |
_a335.4 _bF4 |
||
| 100 | 0 | 0 |
_aFernández de Castro, I. _940147 |
| 245 |
_aCrÃtica de la modernidad _b: el pensamiento emergente |
||
| 260 |
_aBarcelona : _bFontamara, _c1983 |
||
| 300 | _a215 p. | ||
| 490 |
_aLogros _v; 9 |
||
| 590 |
_aBATCH-UPD _b10 _c20130110 _lUCH01 _h0615 |
||
| 590 |
_aBATCH-UPD _b10 _c20130110 _lUCH01 _h2342 |
||
| 590 |
_aBATCH-UPD _b10 _c20130410 _lUCH01 _h1630 |
||
| 590 |
_aBATCH-UPD _b10 _c20130914 _lUCH01 _h1256 |
||
| 590 |
_aCONVERSION _b10 _c20130109 _lUCH01 _h1328 |
||
| 650 | 1 | 4 |
_aMarxismo. _972728 |
| 700 | 0 |
_aElejabeitia, Carmen de. _936253 |
|
| 830 | 0 |
_aLogros _v; 9 _967475 |
|
| 901 | _aBK | ||
| 942 | _cLIBRO | ||
| 949 |
_a335.4 F4 _bBC _cLIBRO _d33724000358883 _eLIBRO _gI.125270 _h64684 _i56492 _si _t2200.00 |
||
| 949 |
_a335.4 F4 _bBC _cLIBRO _d33724000358917 _eLIBRO _fc.2 _gI.125271 _h64685 _i56492 _si _t2200.00 |
||
| 949 |
_a335.4 F4 _bBC _cLIBRO _d33724002207025 _eLIBRO _fc.3 _h64694 _i56492 _si _t2200.00 |
||
| 999 |
_c51370 _d51370 |
||